| 000 | 00684nam a22002057a 4500 | ||
|---|---|---|---|
| 003 | OSt | ||
| 005 | 20140310183107.0 | ||
| 008 | 130305t xxu||||| |||| 00| 0 eng d | ||
| 020 | _a9789833782338 (pbk.) | ||
| 050 |
_aDS 688 _b.K92 2007 |
||
| 082 |
_aFIL 959.97 _bV889 2007 |
||
| 245 |
_aVoices from Moro land _bperspective from stakeholders and observers on the conflict in the Southern Philippines _cKreuzer, Peter |
||
| 260 |
_aPetaling Jaya _bStrategic Information and Research Development Centre _cc2007 |
||
| 300 |
_axxiii, 218 p. _bill., maps _c24 cm. |
||
| 521 | _aCollege students | ||
| 526 | _c1210L-1700L | ||
| 541 | _j1 | ||
| 562 | _e1 | ||
| 942 |
_2lcc _cBK _kFIL |
||
| 999 |
_c18798 _d18798 |
||